| 000 | 01069cam a2200349 a 4500 | ||
|---|---|---|---|
| 001 | 13837857 | ||
| 003 | NUST | ||
| 005 | 20220509150935.0 | ||
| 008 | 050110s2005 nyu 000 1 eng | ||
| 010 | _a 2005000387 | ||
| 020 | _a0446532436 | ||
| 038 | _aArshad | ||
| 040 |
_aDLC _cDLC _dDLC |
||
| 043 | _an-us-nc | ||
| 050 | 0 | 0 |
_aPS3569.P363 _bT78 2005 |
| 082 | 0 | 0 |
_a813.54 _bSPA |
| 100 | 1 |
_aSparks, Nicholas. _910035 |
|
| 245 | 1 | 0 |
_aTrue believer / _cNicholas Sparks. |
| 250 | _a1st ed. | ||
| 260 |
_aNew York : _bWarner Books, _c2005. |
||
| 300 |
_aviii, 322 p. ; _c22 cm. |
||
| 563 | _aPBK | ||
| 650 | 0 |
_aScience writers _vFiction. _910036 |
|
| 650 | 0 |
_aApparitions _vFiction. _910037 |
|
| 650 | 0 |
_aCemeteries _vFiction. _910038 |
|
| 651 | 0 |
_aNorth Carolina _vFiction. _97662 |
|
| 655 | 7 |
_aScience fiction. _2gsafd |
|
| 655 | 7 |
_aGhost stories. _2gsafd _910039 |
|
| 906 |
_a7 _bcbc _corignew _d1 _eecip _f20 _gy-gencatlg |
||
| 942 |
_2ddc _cBK |
||
| 999 |
_c589533 _d589533 |
||